[Event "Paulista-chTB"]
[Site "Sao Paulo"]
[Date "2023.03.05"]
[Round "5"]
[White "Dos Souza, Pedro Henrique"]
[Black "Perrone, Braz de Carvalho"]
[Result "1/2-1/2"]
[WhiteElo "1782"]
[BlackElo "2002"]
[PlyCount "126"]
[EventDate "2023.03.03"]
[EventType "team-swiss"]
[EventRounds "5"]
[EventCountry "BRA"]
[SourceTitle "CBM 213 Extra"]
[Source "ChessBase"]
[SourceDate "2023.05.31"]
[SourceVersion "1"]
[SourceVersionDate "2023.05.31"]
[SourceQuality "1"]
[WhiteTeam "Sao Paulo APCEF"]
[BlackTeam "Kolping"]
[WhiteTeamCountry "BRA"]
[BlackTeamCountry "BRA"]

1. e4 c5 2. Nf3 Nc6 3. d4 cxd4 4. Nxd4 g6 5. Be2 Bg7 6. c3 d6 7. 0-0 Nf6 8. Nxc6 bxc6 9. Bf3 Qc7 10. Re1 0-0 11. Bf4 Nd7 12. Nd2 Rb8 13. Qc2 Ba6 14. Rad1 Ne5 15. Be2 Bxe2 16. Rxe2 Rb7 17. Bxe5 Bxe5 18. Nf3 Bg7 19. Rde1 Rfb8 20. b3 d5 21. exd5 cxd5 22. Rd1 e6 23. Nd2 Qxc3 24. Qxc3 Bxc3 25. Nf3 Bf6 26. Rc2 Kg7 27. Kf1 a5 28. Nd4 Bxd4 29. Rxd4 Rb4 30. Rxb4 axb4 31. Rc7 Ra8 32. Rb7 Rxa2 33. Rxb4 g5 34. Rg4 f6 35. h4 h5 36. Rb4 Kg6 37. hxg5 Kxg5 38. g3 Rb2 39. Rb8 Kf5 40. Rh8 Rxb3 41. Rxh5+ Ke4 42. Rh6 Kf5 43. Rh5+ Kg6 44. Rh8 d4 45. Rd8 e5 46. Ke2 Kf5 47. f3 Re3+ 48. Kf2 Ra3 49. Ke2 Ra2+ 50. Kd3 Ra3+ 51. Ke2 Ke6 52. Re8+ Kd7 53. Rf8 Ke7 54. Rg8 f5 55. Rg6 Kf7 56. Rd6 Ke7 57. Rg6 Re3+ 58. Kf2 f4 59. gxf4 exf4 60. Rg4 d3 61. Rxf4 Re2+ 62. Kf1 Ra2 63. Ke1 Ke6 1/2-1/2

[Event "Paulista-chTB"]
[Site "Sao Paulo"]
[Date "2023.03.04"]
[Round "3"]
[White "Bann, Ellery"]
[Black "Perrone, Braz de Carvalho"]
[Result "1-0"]
[WhiteElo "1938"]
[BlackElo "2002"]
[PlyCount "87"]
[EventDate "2023.03.03"]
[EventType "team-swiss"]
[EventRounds "5"]
[EventCountry "BRA"]
[SourceTitle "CBM 213 Extra"]
[Source "ChessBase"]
[SourceDate "2023.05.31"]
[SourceVersion "1"]
[SourceVersionDate "2023.05.31"]
[SourceQuality "1"]
[WhiteTeam "Kiin Hikaru"]
[BlackTeam "Kolping"]
[WhiteTeamCountry "BRA"]
[BlackTeamCountry "BRA"]

1. d4 d5 2. Bf4 Nf6 3. e3 e6 4. c3 Bd6 5. Bg3 0-0 6. Nf3 b6 7. Nbd2 Ba6 8. Bxa6 Nxa6 9. Qe2 Nb8 10. e4 dxe4 11. Nxe4 Nxe4 12. Qxe4 Nd7 13. 0-0 Nf6 14. Qe2 c5 15. Rad1 Qe7 16. dxc5 Bxc5 17. b4 Rfd8 18. bxc5 Qxc5 19. Rxd8+ Rxd8 20. Rd1 Rc8 21. Qe5 Qa3 22. Qd4 h6 23. Be5 Qe7 24. Bxf6 Qxf6 25. Qxf6 gxf6 26. Kf1 b5 27. a3 a5 28. Nd4 Rc5 29. Nb3 Rc4 30. Nxa5 Ra4 31. Nc6 Rxa3 32. Nd4 Ra5 33. Rb1 Ra6 34. Nxb5 Rb6 35. c4 Rc6 36. Rc1 Rc5 37. f4 f5 38. Nd4 Kg7 39. Kf2 Kf6 40. Nb3 Rc7 41. Ke3 Ke7 42. c5 Ra7 43. c6 Kd6 44. c7 1-0